Statistiken für Wahrzeichen von Ländern Quiz #1

Klicken Sie hier um das Quiz zu spielen!

Allgemein

  • Dieses Quiz wurde 17.551 mal gespielt
  • Das Durchschnittsergebnis liegt bei 18 aus 28

Antwortstatistiken

WahrzeichenLand% Korrekt
Buckingham PalaceVereinigtes Königreich
97%
Taj MahalIndien
96%
Schiefer Turm von PisaItalien
94%
KremlRussland
91%
AkropolisGriechenland
89%
Große SphinxÄgypten
88%
Arc de TriompheFrankreich
83%
Kap der Guten HoffnungSüdafrika
81%
Burj KhalifaVereinigte Arabische
Emirate
79%
Space NeedleVereinigte Staaten
79%
KlagemauerIsrael
78%
Machu PicchuPeru
75%
Christus-der-Erlöser-StatueBrasilien
73%
Casino von Monte-CarloMonaco
73%
PetersdomVatikanstadt
65%
Verbotene StadtChina
63%
CN TowerKanada
57%
Hagia SophiaTürkei
55%
KilimandscharoTansania
52%
Mecca Royal Clock Tower HotelSaudi-Arabien
47%
HallgrímskirkjaIsland
46%
Angkor WatKambodscha
44%
PetraJordanien
40%
AlhambraSpanien
38%
Petronas TowersMalaysia
37%
Ryugyŏng-HotelNordkorea
35%
Buddha-Statuen von Bamiyan
(inzwischen zerstört)
Afghanistan
22%
Moai-StatuenChile
22%

Verteilung der Resultate

Perzentil nach korrekt beantworteten Fragen

Anzahl Personen mit jedem Resultat

Ihre Resultats-Entwicklung

Sie haben dieses Quiz noch nicht gespielt